| 000 | 01100nam a2200313 4500 | ||
|---|---|---|---|
| 001 | 23971 | ||
| 003 | BD-RjUL | ||
| 005 | 20211209001007.0 | ||
| 008 | 140312s1970 enkabchj b 001 0 eng | ||
| 020 | _a054000202X | ||
| 035 | _a(BD-RjUL)24036 | ||
| 040 |
_aDLC _cDLC _dDLC _dBD-RjUL _beng |
||
| 041 | _aeng | ||
| 082 | 0 | 0 |
_a372.8942 _bLOW 1970 |
| 100 | 1 |
_aLondesborough, Annie Jean. _973815 |
|
| 245 | 1 | 4 |
_aThe widening world / _cby A. Jean Londesborough; with illustrations by Harold Beard. |
| 250 | _a4th ed. | ||
| 260 |
_aLondon : _bG. Philip, _c1970. |
||
| 300 |
_avi, 226 p. : _billus., facsims., maps, ports. ; _c22 cm. |
||
| 490 | 0 |
_aEveryday history _v1 |
|
| 504 | _aIncludes index. | ||
| 650 | 0 |
_aHistory, Modern _y16th century _xJuvenile literature. _973816 |
|
| 650 | 0 |
_aHistory, Modern _y17th century _xJuvenile literature. _973817 |
|
| 651 | 0 |
_aGreat Britain _xHistory _yElizabeth, 1558-1603 _xJuvenile literature. _973818 |
|
| 651 | 0 |
_aGreat Britain _xHistory _yStuarts, 1603-1714 _xJuvenile literature. _973819 |
|
| 942 |
_2ddc _cBK |
||
| 999 |
_c23971 _d23971 |
||